Dočasný zoznam učebníc platných v školskom roku 1966/67 na stredných odborných a odborných školách skupina študijných odborov. 14 Učiteľstvo, osveta a umenie

Bibliographic Details
Format: Book
Language:Slovak
PhysicalDescription:17 s. 4°
Published: [Bratislava] Povereníctvo SNR pre školstvo a kultúru 1965
Subjects:

MARC

LEADER 00000cam a2200000 a 4500
001 vtls008334521
003 SK-MaSNL
005 20260302003753.0
008 230403s1965 xo 000 0 slo
015 |a SNBA1969/09-01903 
035 |a SK01SNK19690026738 
035 |a urn:nbn:sk:snk-amjuk9 
035 |a urn:nbn:sk:snk-am00820d 
035 |a E6FFD134-4145-4E7B-83E1-470E37EE80E0 
035 |a SKM000029201 
040 |a SNK  |b slo  |c SNK  |e AACR2 
041 0 |a slo 
044 |a xo  |c SK 
080 |a 371.671:37+7:018(083.81)(041)  |2 1981 
080 |a 018:371.671:37+7(083.81)(041)  |2 1981 
245 0 0 |a Dočasný zoznam učebníc platných v školskom roku 1966/67 na stredných odborných a odborných školách  |b skupina študijných odborov. 14 Učiteľstvo, osveta a umenie 
260 |a [Bratislava]  |b Povereníctvo SNR pre školstvo a kultúru  |c 1965 
300 |a 17 s.  |c 4° 
648 7 |a 1966-1967  |2 SNKPH  |9 307844 
650 0 7 |a učiteľstvo  |2 SNKPH  |9 585576 
650 0 7 |a osveta  |2 SNKPH  |9 16992 
650 0 7 |a umenie  |2 SNKPH  |9 1060 
650 0 7 |a odborné školy  |2 SNKPH  |9 30284 
650 0 7 |a učebnice  |2 SNKPH  |9 74147 
655 7 |a prehľady  |2 SNKPH  |9 70194 
852 |a Slovenská národná knižnica 
954 |a odborná, vedecká literatúra pôvodná (slovenská)  |2 lita 
958 |a OND 
958 |a RM 
958 |a RK 
958 |a BQ 
958 |a EUIPO 
999 |c 993271  |d 995201 
952 |a SNK  |b SNK  |y PREZ  |7 0  |p 17A0863056  |o snkSB 15406  |i snkKSP 7397/69  |0 0  |1 0  |4 0  |d 2014-12-11  |f 1  |l 0  |r 2025-03-18 00:00:00  |w 2026-02-24